Vista normal
Vista MARC
Entrada Topical Term
Número de registros utilizados en: 1
001 - CONTROL NUMBER
- control field: 56497
003 - CONTROL NUMBER IDENTIFIER
- control field: Utea
005 - DATE AND TIME OF LATEST TRANSACTION
- control field: 20240613163445.0
008 - FIXED-LENGTH DATA ELEMENTS
- fixed length control field: 240613|| aca||aabn | a|a d
040 ## - CATALOGING SOURCE
- Original cataloging agency: Utea
- Transcribing agency: Utea
150 ## - HEADING--TOPICAL TERM
- Topical term or geographic name entry element: PSICOLOGÍA FORENSE
670 ## - SOURCE DATA FOUND
- Source citation: Work cat.: (Utea)1471: Hidalgo Jimenez, Humberto J. Autor 56496, Psicología Forense Raíces Psicológicas del Delito , 1996